Ivan Cornejo Charting Songs (Billboard Hot 100) - Statistics

General Stats
  • This quiz has been taken 316 times
    111 since last reset
  • The average score is 3 of 5
Answer Stats
Album Weeks On Peak Artist(s) Song % Correct
Alma Vacia 5 Weeks #61 Ivan Cornejo Esta Danada
84%
Éxodo 1 Week #69 Peso Pluma & Ivan Cornejo Reloj
73%
Non-Album Single 1 Week #95 Ivan Cornejo Me Prometi
48%
Non-Album Single 1 Week #95 Ivan Cornejo Baby Please
45%
Non-Album Single 1 Week #89 Ivan Cornejo Aqui Te Espero
33%
No matching quizzes found
Score Distribution
Percent of People with Each Score
Percentile by Number Answered
Your Score History
You have not taken this quiz since the last reset